Locus solus

Сохранить в:
Библиографические подробности
Главный автор: Roussel, Raymond (Автор)
Формат:
Язык:французский
Опубликовано: Lausana Editions Rencontre 1962
Редактирование:1a. ed
Предметы:
Метки: Добавить метку
Нет меток, Требуется 1-ая метка записи!

MARC

LEADER 00000cam a2200000 a 4500
001 UCD7629
003 CL-VaPUC
008 170331e19620000sz |||||||||||||||||fre|d
082 0 4 |a 843  |b ROU  |2 21 
100 0 |a Roussel, Raymond  |e author  |9 333790 
245 1 0 |a Locus solus 
250 |a 1a. ed 
300 |a 258 p 
942 |c BK 
945 |d 20170331 00:58:00  |a arojas 
260 |a Lausana  |b Editions Rencontre  |c 1962 
650 7 |a RELATOS FRANCESES  |2 CL-VaPUC  |9 333118 
650 0 |a Literatura francesa  |9 266330 
583 |a last modification  |c 20170331 00:58:00  |k Rodrigo Vera 
999 |c 367603  |d 367601 
952 |0 0  |1 0  |3 erb  |4 0  |6 843_000000000000000_ROU_1962  |7 0  |8 A  |9 482590  |a BIBART  |b BIBART  |i 5239737  |o 843 ROU 1962  |p 5239737  |r 2025-03-13  |w 2019-11-24  |y BK  |z Catalogado en:20170331  |k ART